00362nam a2200121 a 450000500170000000800410001705000170005824500150007526000670009030000350015765000290019265000190022120140414093841.0071030s19uu xx uuu eng d aDVD 300bMIG aMigration. aChina :bCentre of International Cultural Exchange, China for. a1 videodisk (30 min.) ; sd. co aCultural Center of China aTV documentary